000 01062nam a2200241 u 4500
001 000403869
003 AM-YeHGA
005 20250617132546.0
008 050119s2004 ai r 000 0 arm d
020 _a5808405890
040 _aAM-YeHGA
041 0 _aarm
245 1 0 _aԱրևելահայերենի և արևմտահայերենի բառապաշարային առանձնահատկությունները :
_bԶուգադրական քննություն /
_cՌ.Կ. Սաքապետոյան; Խմբ.՝ Ս. Գալստյան.
260 _aԵրևան :
_bԵրևանի համալս. հրատ.,
_c2004.
300 _a232 էջ :
_bաղս. ;
_c21 սմ.
500 _aՀամառոտագր. ցանկ՝ էջ 228
504 _aՄատենագիտ.՝ էջ 223-227 (116 անուն) և տողատակի ծանոթագր.
650 1 4 _aԼեզվաբանություն
_xՀայոց լեզու
653 0 _aԱրևելահայերեն
653 0 _aԱրևմտահայերեն
700 1 _aԳալստյան, Սերգեյ Աշոտի,
_d1929-
_eխմբ.
_4edt
090 _c154687
999 _c153291
_d153291